Medical Surgical Interventions for the Criticallly (Record no. 155328)

MARC details
000 -LEADER
fixed length control field 00397nam a2200145Ia 4500
008 - FIXED-LENGTH DATA ELEMENTS--GENERAL INFORMATION
fixed length control field 230411s9999 xx 000 0 und d
020 ## - INTERNATIONAL STANDARD BOOK NUMBER
International Standard Book Number 81 8061 380 1
041 ## - LANGUAGE CODE
Language code of text/sound track or separate title eng
082 ## - DEWEY DECIMAL CLASSIFICATION NUMBER
Classification number MS/610.73677/GUP/B04723
100 ## - MAIN ENTRY--PERSONAL NAME
Personal name Gupta Shuva Das.
9 (RLIN) 178330
245 ## - TITLE STATEMENT
Title Medical Surgical Interventions for the Criticallly
260 ## - PUBLICATION, DISTRIBUTION, ETC. (IMPRINT)
Name of publisher, distributor, etc. General
Place of publication, distribution, etc. New Delhi
Date of publication, distribution, etc. 2005
300 ## - PHYSICAL DESCRIPTION
Extent 262p
Holdings
Withdrawn status Lost status Damaged status Not for loan Collection code Home library Current library Date acquired Vendor Cost, normal purchase price Full call number Barcode Date last seen Cost, replacement price Bill Date Koha item type Original Barcode
      Reference MS Smt. Bakul Tambat Institute of Nursing Education Smt. Bakul Tambat Institute of Nursing Education 20/12/2007 M.K.S.S.S I.N.E.Ratnagiri. 175.00 MS 610.73677 GUP B04723 BTIN-BK-4723 11/04/2023 175.00 20/12/2007 Books B04723